1033 1713 1628 1571 1014 1721 1018 1788 1004 1925 1548 1339 1198 1978 1758 1449 1598 1685 1615 1820 1085 1997 1736 1515 1023 1609 1997 1654 1024 1532 1630 1574 1143 1453 1514 1388 1814 1705 1167 1288 1659 1762 1846 1850 1047 1653 1364 1905 1485 1266 1631 1599 1037 1994 1523 1396 1179 1838 1574 1895 1070 1298 1774 1943 1561 1257 1862 1637 1160 1104 1913 1867 1660 1116 1392 1856 1558 1898 1356 1591 1048 1110 1706 1810 1377 1549 1415 1382 1119 1309 1510 1975 1318 1400 1712 1592 1840 1670 1450 BCNSPRNW ULIB Ver.6.0+V

เปลี่ยนเป็นภาษาไทย

Change to English
 แสดงรายละเอียดบรรณานุกรม
  กลับหน้าหลัก

Brief Record : Get Marc (ISO 2709) : E-mail record : QR code < ปิดหน้าต่าง
LEADER : 00000nam 2200000uu 4500
001    13399127790
003     ULIB
008    210914s2560||||th 000 0 tha d
020    ^a9786163982018
060  0 ^aWY106^bศ538ก
100 0  ^aศิวพร อึ้งวัฒนา
245 00 ^aการพยาบาลชุมชน : กระบวนการพยาบาล/^cศิวพร อึ้งวัฒนา
250    ^aพิมพ์ครั้งที่ 1
260    ^aเชียงใหม่ :^bคณะพยาบาลศาสตร์ มหาวิทยาลัยเชียงใหม่,^c2560
300    ^a172 หน้า
650  0 ^aการพยาบาลชุมชน
650  0 ^aกระบวนการพยาบาลชุมชน
856    ^a^zการพยาบาลชุมชน : กระบวนการพยาบาล (สารบัญหนังสือ)^uhttp://110.164.66.211/ULIB6//_fulltext/bookcontent/13399113095/51015.pdf
945    ^p200^l0^i28902
945    ^p200^l0^i28903
945    ^p200^l0^i28904
945    ^p200^l0^i28905
945    ^p200^l0^i28906
999    ^aกัณชพร จุลอักษร
รายการนี้ยังไม่มีแท็ก
คุณยังไม่ได้ล็อกอิน คุณสามารถมีกิจกรรมร่วมกับเว็บไซต์ได้ แต่ต้องล็อกอินก่อน ::
  ล็อกอิน

รายการสื่อสารสนเทศ

ลำดับที่ ประเภท เลขเรียก/บาร์โค้ด สถานที่ สถานะ
1. หนังสือสำรอง
หนังสือสำรอง
WY106 ศ538ก ฉ.1 
  Barcode: 28902
ห้องสมุดวิทยาเขตนครสวรรค์
►หนังสือทั่วไป:l:General Books
บนชั้น
2. วิทยาศาสตร์การแพทย์ และสุขภาพ
วิทยาศาสตร์การแพทย์ และสุขภาพ
WY106 ศ538ก ฉ.2 
  Barcode: 28903
ห้องสมุดวิทยาเขตนครสวรรค์
►หนังสือทั่วไป:l:General Books
บนชั้น
3. วิทยาศาสตร์การแพทย์ และสุขภาพ
วิทยาศาสตร์การแพทย์ และสุขภาพ
WY106 ศ538ก ฉ.3 
  Barcode: 28904
ห้องสมุดวิทยาเขตนครสวรรค์
►หนังสือทั่วไป:l:General Books
บนชั้น
4. วิทยาศาสตร์การแพทย์ และสุขภาพ
วิทยาศาสตร์การแพทย์ และสุขภาพ
WY106 ศ538ก ฉ.4 
  Barcode: 28905
ห้องสมุดวิทยาเขตนครสวรรค์
►หนังสือทั่วไป:l:General Books
บนชั้น
5. วิทยาศาสตร์การแพทย์ และสุขภาพ
วิทยาศาสตร์การแพทย์ และสุขภาพ
WY106 ศ538ก ฉ.5 
  Barcode: 28906
ห้องสมุดวิทยาเขตนครสวรรค์
►หนังสือทั่วไป:l:General Books
บนชั้น

รายการใกล้เคียง
    ผู้แต่ง [ศิวพร อึ้งวัฒนา]

    หัวเรื่อง [การพยาบาลชุมชน]
    หัวเรื่อง [กระบวนการพยาบาลชุมชน]

BibComment


ยังไม่เคยถูกคอมเมนท์

คอมเมนท์ทรัพยากรรายการนี้
  คอมเมนท์: การพยาบาลชุมชน ..


 Copyright 2026. Bcnsprnw @Library